Rosa US Sassuolo 2023-24 - Statistics

Statistiche generali
  • Questo quiz è stato fatto 49 volte
    43 dall'ultimo reset
  • Il punteggio medio è 17 su 32
Statistiche sulle risposte
Numero Ruolo Giocatore Nazionalità % Corretto
10 ATT Domenico Berardi Italia
97%
47 POR Andrea Consigli Italia
94%
9 ATT Andrea Pinamonti Italia
83%
45 ATT Armand Laurienté Francia
78%
42 CEN Kristian Thorstvedt Norvegia
78%
13 DIF Gian Marco Ferrari Italia
75%
14 CEN Pedro Obiang Guinea Equatoriale
75%
92 ATT Grégoire Defrel Francia
72%
22 DIF Jeremy Toljan Germania
69%
44 DIF Ruan Tressoldi Brasile
69%
5 DIF Martin Erlić Croazia
67%
43 DIF Josh Doig Scozia
61%
7 CEN Matheus Henrique Brasile
61%
24 CEN Daniel Boloca Romania
58%
11 CEN Nedim Bajrami Albania
56%
25 POR Gianluca Pegolo Italia
53%
8 ATT Samuele Mulattieri Italia
53%
19 DIF Marash Kumbulla Albania
50%
(19) (ATT) (Agustín Álvarez) (Uruguay)
47%
3 DIF Marcus Pedersen Norvegia
42%
28 POR Alessio Cragno Italia
39%
23 ATT Cristian Volpato Italia
36%
6 CEN Uroš Račić Serbia
36%
(17) (DIF) (Matías Viña) (Uruguay)
33%
20 CEN Samu Castillejo Spagna
31%
2 DIF Filippo Missori Italia
28%
21 DIF Mattia Viti Italia
28%
33 POR Daniel Theiner Italia
25%
35 CEN Luca Lipani Italia
25%
15 ATT Emil Ceide Norvegia
22%
31 ATT Flavio Russo Italia
19%
32 CEN Kevin Leone Italia
3%
Nessun quiz corrispondente trovato
Distribuzione punteggi
Percentuale di utenti per punteggio
Percentile per numero di risposta
I tuoi punteggi nel tempo
Non hai fatto questo quiz dall'ultimo reset